| 000 | 00522 a2200145 4500 | ||
|---|---|---|---|
| 001 | 35284 | ||
| 082 | _a001.64GAO | ||
| 090 |
_c23361 _d23361 |
||
| 100 | _aGaonkar Ramesh S | ||
| 245 |
_aMicroprocessor Architecture : Programming and Applications with the 8085/8080A Instructor's Manual _bsolution manual |
||
| 260 |
_aNew Delhi _bWiley Eastern Publications _c1990/1986 |
||
| 300 |
_a656 p. ( 38 Copies) _borigional book & photocopy mix |
||
| 500 | _aBE textbook Avionics | ||
| 710 | _asoluton manual accession no. 56727 | ||
| 942 |
_aNUST-CAE _k001.64GAO |
||
| 999 |
_c270357 _d270357 |
||